00737nam a2200241 a 4500001001300000003000900013005001700022008004100039020002300080082002000103100002600123245002900149260004200178300000900220500003500229505001800264650002200282700002600304902000800330942000700338952013300345999001700478nice12345678IN_TiNIC20260116014654.0090128s2006 dela grp 000 0 eng  a019568365X c35500a324.245408bJAF aJaffrelot, Christophe aSangh Parivarb A Reader aDelhi bOxford and IBH PUB CO. c2006 a445p aincludes index and biblioraphy2 abiblio, notes aCommunalism-Hindu1 aJaffrelot, Christophe bSRS cBK 001040708StackRoom-aHMIbHMId2009-01-28g355.00l1o324.245408 JAFp022659r2019-02-11s2019-02-08v355.00w2009-01-28yBK c16419d16419